Language Quiz

Random Language or Letter Quiz

Three-Letter Words Ending in 'W' Quiz Stats

Quiz Updated Jan 25, 2015

Also try: _ _ Y Words
Challenge
Share
Tweet
Embed
Score 0/39 Timer 03:00
1 Play Today
_ _W Word % Correct
cow
94.9%
bow
94.1%
now
92.4%
tow
91.9%
mow
91.7%
low
91.6%
dew
91.5%
sow
91%
saw
90.2%
how
90.1%
row
89.7%
caw
89.6%
sew
89.6%
dow
89.5%
few
89.3%
pow
89%
new
88.9%
law
88.2%
pew
87.6%
paw
87.3%
_ _W Word % Correct
mew
87.3%
raw
86.8%
maw
85.5%
wow
84.8%
daw
84.3%
hew
83.6%
jaw
81.9%
naw
81.6%
vow
80.8%
haw
79.3%
taw
79.3%
tew
76.8%
yew
72.6%
yaw
70.7%
yow
68.7%
jow
67.7%
vaw
64.7%
waw
62.3%
eew
43.6%

You're not logged in!

Compare scores with friends on all Sporcle quizzes.
Sign Up with Email
OR
Log In

You Might Also Like...

Show Comments

Extras

Top Quizzes Today


Score Distribution

Your Account Isn't Verified!

In order to create a playlist on Sporcle, you need to verify the email address you used during registration. Go to your Sporcle Settings to finish the process.